000 00723nam a2200265Ia 4500
005 20260302113947.0
008 008 260114s9999 xx 000 0 eng d
020 _a9781350324749
037 _aTextbook
040 _aCRL
040 _beng
040 _cCRL
041 _2eng
041 _aeng
084 _qCRL
100 _aKarl Swinehart
_91117338
245 0 _aVoice and Nation in Plurinational Bolivia Aymara Radio and Song in an Age of Pachakuti
260 _bBloomsbury
260 _bBloomsbury Academic
260 _c2024
650 _aLinguistics
856 _uhttps://doi.org/10.5040/9781350324749?locatt=label:secondary_bloomsburyCollections
942 _cEBOOK
999 _c1680849
_d1680849